Normal view MARC view

Entry Topical Term

Number of records used in: 1

001 - CONTROL NUMBER

  • control field: 54903

003 - CONTROL NUMBER IDENTIFIER

  • control field: OSt

005 - DATE AND TIME OF LATEST TRANSACTION

  • control field: 20241004161511.0

008 - FIXED-LENGTH DATA ELEMENTS

  • fixed length control field: 241004|| aca||aabn | a|a d

040 ## - CATALOGING SOURCE

  • Original cataloging agency: OSt
  • Transcribing agency: OSt

150 ## - HEADING--TOPICAL TERM

  • Topical term or geographic name entry element: ဘဒ္ဒန္တအရိယဝံသ
  • General subdivision: ထေရုပ္ပတ္တိ

670 ## - SOURCE DATA FOUND

  • Source citation: Work cat.: (OSt)16809: အရိယဝံသ၊ ဘဒ္ဒန္တ၊ ကချင်ဆရာတော်, ဗုဒ္ဓဘာသာသို့ကူးပြောင်းလာသော ကချင်ဆရာတော်ဘဒ္ဒန္တအရိယဝံသ၏ ကိုယ်တိုင်ရေးထေရုပ္ပတ္တိနှင့်အတွေ့အကြုံမှတ်တမ်းများ /, [ခုနှစ်မပါ]။

Library - 09407999929
Admin Office - 09407999979
Dean Office - 09250910768
Registrar Office - 09892297154
Email - [email protected]
Shan State Buddhist University, Phaya Phyu Taunggyi, Shan State, Myanmar.